| 000 | 00540nam a22002177a 4500 | ||
|---|---|---|---|
| 999 |
_c7205 _d7205 |
||
| 003 | Ost | ||
| 005 | 20190928185343.0 | ||
| 008 | 190425b ||||| |||| 00| 0 eng d | ||
| 020 | _a9789352606405 | ||
| 040 | _cBT-PhCST | ||
| 050 | _a22369-22372 | ||
| 082 |
_222 _a621.31042 _bKOT |
||
| 100 | _aKothari, D. P. | ||
| 245 | _aElectric machines / | ||
| 250 | _a5th ed. | ||
| 260 |
_aChennai : _bMcGraw-Hill, _cc2018. |
||
| 300 |
_axx, 975 p. : _bill. ; _c24 cm. |
||
| 500 | _aIncludes index. | ||
| 700 | _aNagrath, I. J. | ||
| 942 |
_2ddc _cEE |
||